| 000 | 00635nam a2200229Ia 4500 | ||
|---|---|---|---|
| 003 | OSt | ||
| 005 | 20220918174730.0 | ||
| 006 | a|||||r|||| 00| 0 | ||
| 007 | ta | ||
| 008 | 220917b |||||||| |||| 00| 0 eng d | ||
| 024 | _a13,827 | ||
| 037 | _cTextual | ||
| 040 |
_aARTS _cARTS _beng |
||
| 041 |
_2eng _aeng |
||
| 082 | _aN1v2:A, C9;L2.1 | ||
| 100 |
_aFergusson James _924302 |
||
| 245 | 0 | _aHistory of Indian and Eastren architecture rev by James Burgees and R Phene Manoharlala , 1972 | |
| 260 | _c1972 | ||
| 650 | _aARTS | ||
| 942 |
_hN1v2:A, C9;L2.1 _cTEXL _2CC |
||
| 999 |
_c154431 _d154431 |
||